000 00734nam a2200229Ki 4500
999 _c7480
_d7480
001 26576
003 GBCCL
005 20241126110629.0
008 800605s1970 nyu 000 0 eng d
010 _a 21013506
035 _a(OCoLC)06392277
040 _aMNL
_cMNL
049 _aLBBK
082 _a268.61
_bDOU
092 _bD734
100 1 _aDouglass, Earl Leroy,
_d1888-
_913222
245 1 4 _aThe Douglass sunday school lessons, 1971 :
_bpractical expositions of the international sunday school lessons /
_cby Earl L. Douglass, assisted by Gordon L. Roberts.
260 _aNew York :
_bThomas Nelson,
_cc1971.
300 _a393 p. ;
_c21 cm.
650 0 _aSunday schools
_xExercises, recitations, etc.
_913223
942 _2ddc
_cBK